Nanda Devi : (Record no. 143010)

MARC details
000 -LEADER
fixed length control field 00655nam a22001937a 4500
005 - DATE AND TIME OF LATEST TRANSACTION
control field 20170801105658.0
010 ## - LCCN (DPL NO)
LC control number ENG-119489
020 ## - INTERNATIONAL STANDARD BOOK NUMBER
Terms of availability 399.00
International Standard Book Number 9789351951964
035 ## - SYSTEM CONTROL NUMBER
System control number EN-103021
037 ## - SOURCE OF ACQUISITION
Source of stock number/acquisition DBAD/PUB
082 ## - DEWEY DECIMAL CLASSIFICATION NUMBER
Classification number 915.413
100 ## - MAIN ENTRY--PERSONAL NAME
Personal name Thomson,Hugh
245 ## - TITLE STATEMENT
Title Nanda Devi :
Statement of responsibility, etc by Hugh Thomson
Remainder of title a journey to the last sanctuary /
260 ## - PUBLICATION, DISTRIBUTION, ETC. (IMPRINT)
Place of publication, distribution, etc Gurgaon
Name of publisher, distributor, etc Hachette Book Publishing
Date of publication, distribution, etc 2010
270 ## - ADDRESS
Address 4th & 5th Floors, Corporate Center,Plot N0-94,Sector-44
City Gurgaon
Postal code 122003
300 ## - PHYSICAL DESCRIPTION
Extent xvi,125p. :
Dimensions 20cm(pbk)
Other physical details ill.(maps)
500 ## - GENERAL NOTE
General note Includes bibliographical references and index
942 ## - ADDED ENTRY ELEMENTS (KOHA)
Source of classification or shelving scheme Dewey Decimal Classification
Item type English Books
Call number suffix THO
Classification part 915.413
Holdings
Withdrawn status Lost status Not for loan Collection code Home library Current library Date acquired Source of acquisition Cost, normal purchase price Full call number Barcode Copy number Cost, replacement price Koha item type
      Non-fiction Patel Nagar Patel Nagar 01/08/2017 DBAD/PUB 399.00 915.413 THO EN-103021 1 399.00 English Books

© Delhi Public Library
Hit Counter
free hit counter